<?xml version="1.0" encoding="UTF-8"?>
<record
    xmlns:xsi="http://www.w3.org/2001/XMLSchema-instance"
    xsi:schemaLocation="http://www.loc.gov/MARC21/slim http://www.loc.gov/standards/marcxml/schema/MARC21slim.xsd"
    xmlns="http://www.loc.gov/MARC21/slim">

  <leader>02476nam a2200301 a 4500</leader>
  <controlfield tag="003">OSt</controlfield>
  <controlfield tag="005">20251111112323.0</controlfield>
  <controlfield tag="007">cr ||||||a|c|a</controlfield>
  <controlfield tag="008">230519s2019    mx a|||fom||| 001 0 spa d</controlfield>
  <datafield tag="040" ind1=" " ind2=" ">
    <subfield code="e">rda</subfield>
  </datafield>
  <datafield tag="100" ind1="1" ind2=" ">
    <subfield code="9">187095</subfield>
    <subfield code="a">Zerme&#xF1;o Campos, Luis Fernando</subfield>
  </datafield>
  <datafield tag="245" ind1="1" ind2="0">
    <subfield code="a">Escarificaci&#xF3;n de semilla de jitomate silvestre /</subfield>
    <subfield code="c">por Luis fernando Zerme&#xF1;o Campos y Felipe de Santos V&#xE1;zquez; director de tesis Jaime Sahag&#xFA;n Castellanos.</subfield>
  </datafield>
  <datafield tag="264" ind1=" " ind2="1">
    <subfield code="a">Chapingo, M&#xE9;xico :</subfield>
    <subfield code="b">El autor,</subfield>
    <subfield code="c">2019.</subfield>
  </datafield>
  <datafield tag="300" ind1=" " ind2=" ">
    <subfield code="a">1 recurso en l&#xED;nea (49 p&#xE1;ginas):</subfield>
    <subfield code="b">cuadros.</subfield>
  </datafield>
  <datafield tag="336" ind1=" " ind2=" ">
    <subfield code="2">rdacontent</subfield>
    <subfield code="a">texto</subfield>
    <subfield code="b">txt</subfield>
  </datafield>
  <datafield tag="337" ind1=" " ind2=" ">
    <subfield code="2">rdamedia</subfield>
    <subfield code="a">computadora</subfield>
    <subfield code="b">c</subfield>
  </datafield>
  <datafield tag="338" ind1=" " ind2=" ">
    <subfield code="2">rdacarrier</subfield>
    <subfield code="a">recurso en l&#xED;nea</subfield>
    <subfield code="b">cr</subfield>
  </datafield>
  <datafield tag="502" ind1=" " ind2=" ">
    <subfield code="b">IAEF</subfield>
    <subfield code="c">Fitotecnia</subfield>
    <subfield code="d">2019.</subfield>
  </datafield>
  <datafield tag="504" ind1=" " ind2=" ">
    <subfield code="a">Incluye referencias bibliogr&#xE1;ficas: p&#xE1;ginas 31-37.</subfield>
  </datafield>
  <datafield tag="520" ind1=" " ind2=" ">
    <subfield code="a">El jitomate silvestre es un preciado recurso fitogen&#xE9;tico que requiere su conservaci&#xF3;n; sin embargo, sus semillas pueden presentar mecanismos que dificultan una germinaci&#xF3;n id&#xF3;nea. La presente investigaci&#xF3;n tuvo como objetivo evaluar el efecto de tratamientos de escarificaci&#xF3;n sobre el vigor de semilla durante la germinaci&#xF3;n y el crecimiento inicial de pl&#xE1;ntula. Los tratamientos de escarificaci&#xF3;n se dise&#xF1;aron al variar concentraciones y tiempos de exposici&#xF3;n de &#xE1;cido sulf&#xFA;rico (H2SO4), fosfato de sodio dib&#xE1;sico (Na2HPO4), bicarbonato de sodio (NaHCO3) y cloro (Cl), aplicados a semilla previamente fermentada en su jugo durante tres d&#xED;as. En ambas pruebas se emple&#xF3; un dise&#xF1;o experimental de bloques completos al azar con cuatro repeticiones. En la prueba de germinaci&#xF3;n est&#xE1;ndar, el cloro 10 % por 10 min + NaHCO3 1.5 % por 24 h junto con H2SO4 al 0.5 % por 60 min, generaron mayores ventajas en &#xED;ndice de velocidad de germinaci&#xF3;n (&#x251; &#x2264; 0.05) con respecto a la fermentaci&#xF3;n. En la prueba de emergencia, no se detectaron diferencias estad&#xED;sticas en el vigor de semilla por efecto de los tratamientos de escarificaci&#xF3;n. En contraste, en ambas pruebas se observaron fuertes diferencias (&#x251; &#x2264; 0.05) por efecto de las accesiones evaluadas.</subfield>
  </datafield>
  <datafield tag="650" ind1=" " ind2="4">
    <subfield code="9">113765</subfield>
    <subfield code="a">Tomate</subfield>
    <subfield code="x">Semilla</subfield>
  </datafield>
  <datafield tag="650" ind1=" " ind2="4">
    <subfield code="9">103903</subfield>
    <subfield code="a">Semillas</subfield>
    <subfield code="x">Germinaci&#xF3;n</subfield>
  </datafield>
  <datafield tag="650" ind1=" " ind2="4">
    <subfield code="9">103933</subfield>
    <subfield code="a">Semillas</subfield>
    <subfield code="x">Viabilidad</subfield>
  </datafield>
  <datafield tag="700" ind1="1" ind2=" ">
    <subfield code="9">187096</subfield>
    <subfield code="a">Santos V&#xE1;zquez, Felipe de</subfield>
  </datafield>
  <datafield tag="700" ind1="1" ind2=" ">
    <subfield code="9">101191</subfield>
    <subfield code="a">Sahag&#xFA;n Castellanos, Jaime</subfield>
    <subfield code="e">director.</subfield>
  </datafield>
  <datafield tag="856" ind1=" " ind2=" ">
    <subfield code="u">http://10.13.5.2/tesis/tl/Zermeno_Campos_Luis_Fernando.pdf</subfield>
    <subfield code="z">DESCARGAR PDF</subfield>
  </datafield>
  <datafield tag="942" ind1=" " ind2=" ">
    <subfield code="2">Clasificaci&#xF3;n Universidad Aut&#xF3;noma Chapingo</subfield>
    <subfield code="c">TD</subfield>
  </datafield>
  <datafield tag="999" ind1=" " ind2=" ">
    <subfield code="c">218790</subfield>
    <subfield code="d">218790</subfield>
  </datafield>
  <datafield tag="952" ind1=" " ind2=" ">
    <subfield code="0">0</subfield>
    <subfield code="1">0</subfield>
    <subfield code="2">local</subfield>
    <subfield code="4">0</subfield>
    <subfield code="5">1</subfield>
    <subfield code="7">0</subfield>
    <subfield code="8">TesDigL</subfield>
    <subfield code="a">BD</subfield>
    <subfield code="b">BD</subfield>
    <subfield code="c">E_L</subfield>
    <subfield code="d">2023-05-19</subfield>
    <subfield code="l">0</subfield>
    <subfield code="o">Tesis digital</subfield>
    <subfield code="r">2023-05-19 00:00:00</subfield>
    <subfield code="w">2023-05-19</subfield>
    <subfield code="y">TD</subfield>
  </datafield>
</record>
